Statistics for Name an African Country A-Z

Click here to take the quiz!

General Stats

  • This quiz has been taken 46 times
  • The average score is 16 of 16

Answer Stats

Letter Country % Correct
AAlgeria | Angola
100%
CCameroon | Cape Verde |
Central African Republic | Chad | Comoros
100%
EEgypt | Equatorial Guinea | Eritrea |
Eswatini | Ethiopia
100%
GGabon | Gambia | Ghana |
Guinea | Guinea-Bissau
100%
KKenya
100%
LLesotho | Liberia | Libya
100%
MMadagascar | Malawi | Mali | Mauritania |
Mauritius | Morocco | Mozambique
100%
NNamibia | Niger | Nigeria
100%
RRep. of the Congo | Rwanda
100%
SSenegal | Seychelles | Sierra Leone | Somalia |
South Africa | South Sudan | Sudan |
São Tomé and Príncipe
100%
TTanzania | Togo | Tunisia
100%
UUganda
100%
ZZambia | Zimbabwe
100%
BBenin | Botswana | Burkina Faso | Burundi
98%
DD.R. Congo | Djibouti
95%
IIvory Coast
95%

Score Distribution

Percentile by Number Answered

Percent of People with Each Score

Your Score History

You have not taken this quiz